000 00508nam a2200181 i 4500
001 76005
003 ES-MaACL
005 20250607063020.0
007 t|
008 040928s1971 sp ||||1| spa d
100 1 _aGubern, Román,
_d1934-
_960377
245 1 0 _aHistoria del cine /
_cRomán Gubern.
260 _a[Barcelona] :
_bLumen,
_c[1971]
300 _a2 v., 16 lám. ;
_c19 cm.
650 _aCine-
_vHistoria.
_9171029
852 _aES-MaACL
_jC-40226-27
_bR.77248
999 _c76005
_d76005